The visual display of quantitative information

Guardat en:
Dades bibliogràfiques
Autor principal: Tufte, Edward Rolf (Autor)
Format: Llibre
Idioma:anglès
Publicat: Cheshire Graphic Press 2013
Edició:2a. ed
Matèries:
Etiquetes: Afegir etiqueta
Sense etiquetes, Sigues el primer a etiquetar aquest registre!

MARC

LEADER 00000cam a2200000 a 4500
001 UCD2981
003 CL-VaPUC
008 160520e20130000us |||||||||||||||||eng|d
020 |a 9780961392147 
082 0 4 |a 511.5  |b TUF  |2 21 
100 0 |a Tufte, Edward Rolf  |e author  |9 586377 
245 1 4 |a The visual display of quantitative information 
250 |a 2a. ed 
300 |a 197 p 
942 |c BK 
945 |d 20160520 11:34:00  |a dcastane 
260 |a Cheshire  |b Graphic Press  |c 2013 
650 0 |a Teoría de grafos  |9 269886 
650 0 |a Gráficos   |9 351109 
650 7 |a DIAGRAMAS NUMERICOS  |2 CL-VaPUC  |9 586378 
650 7 |a METODOS GRAFICOS  |2 CL-VaPUC  |9 270310 
583 |a last modification  |c 20160520 11:34:00  |k Rodrigo Vera 
999 |c 364090  |d 364088 
952 |0 0  |1 0  |3 erd  |4 0  |6 511_500000000000000_TUF_2013  |7 0  |8 A  |9 477002  |a FDOPOS  |b FDOPOS  |i 5287634  |o 511.5 TUF 2013  |p 5287634  |r 2025-01-22  |w 2019-11-24  |y BK  |z Catalogado en:20160520  |k DLA